Rainer Werner Fassbinder : el amor es más frío que la muerte /

Guardado en:
Detalles Bibliográficos
Autor principal: Katz, Robert (autor)
Otros autores: Berling, Peter (autor) (autor)
Formato: Libro
Idioma:Español
Publicado: Barcelona, España : Gedisa, 1988, c1988
Colección:(Biografía)
Temas:
Etiquetas: Agrega una etiqueta
Sin etiquetas, Sé el primero en etiquetar este registro!

MARC

LEADER 00000nam^a2200000^a^4500
001 000027058
005 20250521000000.0
009 20260310084756.464
020 |a 84-7432-317-7 
037 |a Acervo ITESO - Biblioteca 
041 |a ESP 
082 |a 302. 2350943  |b KAT 
100 |a Katz, Robert  |e (autor) 
245 1 0 |a Rainer Werner Fassbinder :  |b el amor es más frío que la muerte /  |c P. Katz, P. Berling ; tr. por Daniel Zadunaisky. 
264 4 |a Barcelona, España :  |b Gedisa,  |c 1988, c1988 
300 |a 224 p. 
336 |a texto  |b txt  |2 rdacontenido 
337 |a sin mediación  |b n  |2 rdamedio 
338 |a volumen  |b nc  |2 rdasoporte 
440 1 |a (Biografía) 
500 |a Traducción de: Love is Colder than Death 
545 0 |a Rainer Werner Fassbinder (Bad Wörishofen, 1945 – Munich, 1982), actor y director teatral y cinematográfico, cuya obra es a menudo provocadora y iconoclástica. Como cineasta procedente del teatro, varias de sus películas son adaptaciones de textos literarios (Nabokov, Genet, Döblin, por citar algunos autores). Es el creador de películas memorables como: El mercader de las cuatro estaciones (1971), Las amargas lágrimas de Petra von Kant (1972), La ruleta china (1976), El matrimonio de María Braun (1978), Lilí Marlen (1980), La ansiedad de Veronika Voss (1981) y Querelle (1982). 
649 |a XX 
650 |a Cineastas Alemanes -  |x Biografías 
650 |a Nuevo Cine Alemán -  |x Historia y Crítica 
650 |a Cine Alemán -  |x Historia y Crítica 
650 |a Cine Alemán -  |y Siglo XX 
650 |a Fassbinder, Rainer Werner -  |x Tema Principal 
700 |a Berling, Peter  |e (autor) 
910 |a Fondo General 
920 |a Impresos - Libros 
930 |a Colección General 
905 |a 101 
901 |a 0270580100  |b IT1  |c ACC  |i 027058  |u 20250521 
902 |a https://opac.biblio.iteso.mx/vufind/Record/000027058